Pracovné aktivity vysokoškolských absolventov počas štúdia na vysokej škole
Informácie o pracovných aktivitách počas štúdia na vysokej škole. Využité údaje z prieskumu Uplatnenie absolventov vysokých škôl na trhu práce (Absolvent 2019), ktorý bol realizovaný Centrom vedecko-technických informácií SR v rokoch 2019 – 2020. Vvybrané informácie, ktoré sa týkajú práce absolvento...
Salvato in:
| Autore principale: | |
|---|---|
| Natura: | Capitolo di libro |
| Lingua: | slovacco |
| Soggetti: | |
| Tags: |
Nessun Tag, puoi essere il primo ad aggiungerne!!
|
MARC
| LEADER | 00000naa a2200000 4500 | ||
|---|---|---|---|
| 001 | 0279663 | ||
| 005 | 20240417075147.8 | ||
| 041 | 0 | |a slo | |
| 044 | |a SK | ||
| 245 | 1 | 0 | |a Pracovné aktivity vysokoškolských absolventov počas štúdia na vysokej škole |c Tomáš Filčák |
| 520 | |a Informácie o pracovných aktivitách počas štúdia na vysokej škole. Využité údaje z prieskumu Uplatnenie absolventov vysokých škôl na trhu práce (Absolvent 2019), ktorý bol realizovaný Centrom vedecko-technických informácií SR v rokoch 2019 – 2020. Vvybrané informácie, ktoré sa týkajú práce absolventov počas ich štúdia na vysokej škole. Skúmanie, či a v akej miere respondenti počas štúdia pracovali, aká bola frekvencia vykonávaných pracovných aktivít, ako sa tieto aktivity premietli do financovania študijných a životných nákladov, ako hodnotia respondenti s odstupom času prínos vykonávanej práce pre ich kariérny aj osobný rozvoj. | ||
| 610 | 2 | 0 | |a školy vysoké |
| 610 | 2 | 0 | |a študenti |
| 610 | 2 | 0 | |a absolventi |
| 610 | 2 | 0 | |a zamestnanie |
| 610 | 2 | 0 | |a trh práce |
| 100 | 1 | |a Filčák, Tomáš | |